Proposals on insurance guidelines. (Record no. 61372)

MARC details
000 -LEADER
fixed length control field 00840cam a2200181 4500
001 - CONTROL NUMBER
control field WB3527-06
008 - FIXED-LENGTH DATA ELEMENTS--GENERAL INFORMATION
fixed length control field 000000n1999 000 0 eng u
035 ## - SYSTEM CONTROL NUMBER
System control number (Sirsi) u102349
245 ## - TITLE STATEMENT
Title Proposals on insurance guidelines.
260 ## - PUBLICATION, DISTRIBUTION, ETC.
Date of publication, distribution, etc. 1999
490 ## - SERIES STATEMENT
Series statement DETR News Release
Volume/sequential designation (678) 12 July 1999 (2)
520 ## - SUMMARY, ETC.
Summary, etc. New insurance scheme guidelines for private sector building inspectors have been published. The guidelines aim to provide protection for clients and widen competition in building control. Copies of the consultation paper are available from Janet Albon, fax: 0171 890 5739; email: [email protected] The document can also be found at - www.detr.gov.uk
650 ## - SUBJECT ADDED ENTRY--TOPICAL TERM
Topical term or geographic name entry element BUILT ENVIRONMENT-BUILDING INSPECTION
650 ## - SUBJECT ADDED ENTRY--TOPICAL TERM
Topical term or geographic name entry element INUSURANCE
650 ## - SUBJECT ADDED ENTRY--TOPICAL TERM
Topical term or geographic name entry element BUILDING CONTROL
9 (RLIN) 6222
690 ## - LOCAL SUBJECT ADDED ENTRY--TOPICAL TERM (OCLC, RLIN)
Topical term or geographic name as entry element BUILT ENVIRONMENT
942 ## - ADDED ENTRY ELEMENTS (KOHA)
Suppress in OPAC 0
Holdings
Withdrawn status Lost status Source of classification or shelving scheme Damaged status Not for loan Home library Current library Shelving location Date acquired Total Checkouts Full call number Barcode Date last seen Copy number Price effective from Koha item type
    Dewey Decimal Classification     London London News article 19/11/1999   WB3527-06 102349-1001 06/08/2019 1 06/08/2019 News article